000 00614nam a22001935i 4500
001 48266
003 ES-MaACL
005 20230906161724.0
007 t|
008 950710s1875 sp ||||1| spa d
040 _aCAM
_bspa
_cCAM
100 1 _aChiarlone, Quintin.
_938470
245 1 0 _aHistoria crĂ­tico-literaria de la Farmacia /
_cpor Quintin Chiarlone y Carlos Mallaina.
260 _aMadrid :
_bSemanario Farmacéutico,
_c1875 (
_fTip. del Hospicio)
300 _aIX, 651, [18] p. ;
_c24 cm.
650 1 4 _aFarmacia-
_vHistoria.
_912721
700 1 _aMallaina, Carlos.
_975790
852 _aES-MaACL
_jF-12037
999 _c48266
_d48266